Quaresma del P. Fr. Antonio Andres, letor de sagrada theologia, escritor publico de su Orden, Regente de Estudios, Calificador del Santo Oficio y custodio actual de su provincia de Descalzos. (Record no. 8399)
[ view plain ]
| 000 -CABECERA | |
|---|---|
| campo de control de longitud fija | 02029nam a2200313 a 4500 |
| 001 - NÚMERO DE CONTROL | |
| campo de control | BRCA_8747 |
| 005 - FECHA Y HORA DE LA ÚLTIMA TRANSACCIÓN | |
| campo de control | 20190320210406.0 |
| 008 - DATOS DE LONGITUD FIJA--INFORMACIÓN GENERAL | |
| campo de control de longitud fija | 100317s1771----sp-#######---#000-0#spa-# |
| 041 ## - CÓDIGO DE LENGUA | |
| Código de lengua del texto/banda sonora o título independiente | spa |
| 044 ## - CÓDIGO DEL PAÍS DE LA ENTIDAD EDITORA/PRODUCTORA | |
| Código MARC del país | sp |
| 084 ## - OTRO NÚMERO DE CLASIFICACIÓN | |
| Número de clasificación | BE106 |
| Número de documento/Ítem | .Q37 1771 |
| 245 10 - MENCIÓN DE TÍTULO | |
| Título | Quaresma del P. Fr. Antonio Andres, letor de sagrada theologia, escritor publico de su Orden, Regente de Estudios, Calificador del Santo Oficio y custodio actual de su provincia de Descalzos. |
| 260 ## - PUBLICACIÓN, DISTRIBUCIÓN, ETC. | |
| Lugar de publicación, distribución, etc. | Valencia |
| Nombre del editor, distribuidor, etc. | Por Benito Monfort, impresor de la muy ilustre Universidad |
| Fecha de publicación, distribución, etc. | 1771 |
| 300 ## - DESCRIPCIÓN FÍSICA | |
| Extensión | [34], 344p. (t.1) |
| Dimensiones | 21.4 x 15 cm. |
| 500 ## - NOTA GENERAL | |
| Nota general | Con licencia del Real Consejo |
| 500 ## - NOTA GENERAL | |
| Nota general | En portada : Quien se lo dedica a Christo Crucificado |
| 500 ## - NOTA GENERAL | |
| Nota general | En portada : Al fin del tercer tomo hay una aplicación de los Sermones de la Quaresma à las Dominicas de entre año |
| 500 ## - NOTA GENERAL | |
| Nota general | En portada : Sale a luz a expensas de Don Diego Mallen, Mercader de Libros: y se hallará en Valencia en si Librería cerca de San Martin |
| 500 ## - NOTA GENERAL | |
| Nota general | Estado físico : presenta encuadernación en pergamino, con lomo semi desprendido y cintas rotas |
| 500 ## - NOTA GENERAL | |
| Nota general | Con marca de fuego: “Procedencia de la marca: Convento de San Francisco de Querétaro(1). Institución: Orden de Frailes Menores. Provincia de San Pedro y San Pablo de Michoacán. Descripción: Monograma: Letras iniciales S[an] F[rancisco] D[e] Q[uerétar]o. Observaciones: David Saavedra la asigna a la Academia de Dibujo de San Fernando de Querétaro; Carlos Krausse al Colegio de Propaganda Fide de San Fernando de México. Ubicación de la marca en el libro: Canto superior, inferior y frontal” |
| 650 14 - PUNTO DE ACCESO ADICIONAL DE MATERIA--TÉRMINO DE MATERIA | |
| Término de materia o nombre geográfico como elemento de entrada | Iglesia católica |
| Subdivisión general | Sermones |
| 9 (RLIN) | 21286 |
| 650 14 - PUNTO DE ACCESO ADICIONAL DE MATERIA--TÉRMINO DE MATERIA | |
| Término de materia o nombre geográfico como elemento de entrada | Cuaresma |
| Subdivisión general | Sermones |
| 9 (RLIN) | 21287 |
| 700 1# - PUNTO DE ACCESO ADICIONAL--NOMBRE DE PERSONA | |
| Nombre de persona | Antonio Andrés |
| Títulos y otros términos asociados al nombre | Fray |
| 9 (RLIN) | 21275 |
| 700 1# - PUNTO DE ACCESO ADICIONAL--NOMBRE DE PERSONA | |
| Nombre de persona | Antonio Andrés |
| Títulos y otros términos asociados al nombre | Fray |
| 9 (RLIN) | 21275 |
| 700 1# - PUNTO DE ACCESO ADICIONAL--NOMBRE DE PERSONA | |
| Nombre de persona | Benito Monfort |
| Término indicativo de función/relación | Impresor |
| 9 (RLIN) | 21785 |
| 856 ## - LOCALIZACIÓN Y ACCESO ELECTRÓNICOS | |
| Nombre del host | http://www.marcasdefuego.buap.mx:8180/xmLibris/projects/firebrand/item.jsp?repository=marcas_de_fuego&key=6faee58a.xml&num=15 |
| 902 ## - CATALOGADOR | |
| Iniciales | CFM |
| 942 ## - ELEMENTOS DE PUNTO DE ACCESO ADICIONAL (KOHA) | |
| Fuente del sistema de clasificación o colocación | Library of Congress Classification |
| Tipo de ítem Koha | Libros |
| Estado de retiro | Estado de pérdida | Estado dañado | No para préstamo | Localización permanente | Ubicación/localización actual | Fecha de adquisición | Total de préstamos | Signatura topográfica completa | Código de barras | Fecha visto por última vez | Precio válido a partir de | Tipo de ítem Koha |
|---|---|---|---|---|---|---|---|---|---|---|---|---|
| El ejemplar forma parte de la colección y puede ser consultado según las políticas vigentes. | Biblioteca del Museo Franz Mayer (Rogerio Casas-Alatriste) | Biblioteca del Museo Franz Mayer (Rogerio Casas-Alatriste) | 10/03/2017 | BE106 .Q37 1771 | CFM00082 | 22/03/2019 | 22/03/2019 | Libros |